[Event "Ambes op 1st"]
[Site "Ambes"]
[Date "2007.04.12"]
[Round "7"]
[White "Quideau, Patrice"]
[Black "Hourqueig, Patrick"]
[Result "1-0"]
[WhiteElo "1869"]
[BlackElo "1500"]
[PlyCount "45"]
[EventDate "2007.04.07"]
[EventType "swiss"]
[EventRounds "11"]
[EventCountry "FRA"]
[SourceTitle "CBM 117 Extra"]
[Source "ChessBase"]
[SourceDate "2007.05.09"]
[SourceVersion "1"]
[SourceVersionDate "2007.05.09"]
[SourceQuality "1"]

1. Nf3 Nf6 2. c4 c5 3. Nc3 Nc6 4. d4 cxd4 5. Nxd4 Nxd4 6. Qxd4 e6 7. e4 d6 8. Be2 Be7 9. 0-0 0-0 10. Be3 a6 11. Rfd1 Qa5 12. h3 Qc5 13. Qd2 Qc6 14. Qc2 b6 15. e5 dxe5 16. Bf3 Qxc4 17. Bxa8 e4 18. Bxe4 Nxe4 19. Qxe4 Qxe4 20. Nxe4 b5 21. Rac1 Re8 22. Bc5 Kf8 23. Bxe7+ 1-0